Arboles del Parque Nacional Manuel Antonio = Trees of Manual Antonio National Park (Registro nro. 1686)
[ vista simple ]
| 000 -Cabecera | |
|---|---|
| Campo de control de longitud fija | 00719aam a2200277 4500 |
| 005 - Fecha y hora de la última transacción | |
| Campo de control | 20240716085936.0 |
| 008 - Elementos de longitud fija--Información general | |
| Campo de control de longitud fija | 150713b2003 CR ||||| |||| 00| 0 spa d |
| 020 ## - International Standard Book Number | |
| Número Internacional Estándar del Libro (ISBN) | 9968702897 |
| 041 ## - Idioma | |
| Código de idioma | Español |
| 041 ## - Idioma | |
| Código de idioma | Inglés |
| 082 ## - Clasificación Decimal Dewey | |
| Número de clasificación | 582.16 H288a |
| 100 ## - Entrada principal--Autor personal | |
| Nombre personal | Harman, Patrick |
| 9 (RLIN) | 28357 |
| 245 ## - Título propiamente dicho | |
| Título | Arboles del Parque Nacional Manuel Antonio = Trees of Manual Antonio National Park |
| 260 ## - Pie de imprenta | |
| Lugar de publicación, distribución, etc. | Costa Rica |
| 260 ## - Pie de imprenta | |
| Nombre del editor, distribuidor, etc. | INBio |
| 260 ## - Pie de imprenta | |
| Fecha de publicación, distribución, etc. | 2003 |
| 300 ## - Descripción física | |
| Extensión | 400 páginas |
| 505 ## - Nota de contenido | |
| Nota de contenido | Incluye ilustraciones |
| 650 ## - Materia general | |
| Temática (materia general) | ÁRBOLES |
| 650 ## - Materia general | |
| Temática (materia general) | BIODIVERSIDAD |
| 650 ## - Materia general | |
| Temática (materia general) | PUNTARENAS |
| 650 ## - Materia general | |
| Temática (materia general) | PARQUE NACIONAL MANUEL ANTONIO |
| 650 ## - Materia general | |
| Temática (materia general) | PLANTAS DE COSTA RICA |
| 942 ## - Punto de acceso adicional KOHA | |
| Tipo de ítem KOHA | Libro |
| Fuente del sistema de clasificación o colocación | Dewey Decimal Classification |
| Signatura completa | Código de barras | Programa Académico | Tipo de ítem |
|---|---|---|---|
| 582.16 H288a | 10900 | Turismo | Libro |